| 000 | 00487nam a2200181Ia 4500 | ||
|---|---|---|---|
| 999 |
_c33342 _d33342 |
||
| 003 | OSt | ||
| 005 | 20200825131008.0 | ||
| 008 | 190216s9999||||xx |||||||||||||| ||und|| | ||
| 040 | _coclc | ||
| 082 |
_a539 _bMUR/M |
||
| 100 |
_aMurugeshan, R _94330 |
||
| 245 | 0 |
_aModern Physics / _cR Murugeshan |
|
| 250 | _a5th Ed. | ||
| 260 |
_bSulthan Chand &company, _c1997. _aNew Delhi: |
||
| 300 | _a514p | ||
| 650 | _aPhysics | ||
| 942 |
_cBK _2ddc _h539 _iMUR/M _k539 _mMUR/M |
||